<?xml version="1.0" encoding="UTF-8"?>
<collection xmlns="http://www.loc.gov/MARC21/slim">
 <record>
  <leader>     na                 </leader>
  <controlfield tag="001">INLIS000000000001325</controlfield>
  <controlfield tag="005">20230610080417</controlfield>
  <datafield tag="035" ind1=" " ind2=" ">
   <subfield code="a">0010-0523000002</subfield>
  </datafield>
  <controlfield tag="008">230610                           0 ind  </controlfield>
  <datafield tag="245" ind1="1" ind2=" ">
   <subfield code="a">Ajaibnya Herbal dan Pijat Refleksi /</subfield>
   <subfield code="c">MB.Rahimsyah,AR</subfield>
  </datafield>
  <datafield tag="100" ind1=" " ind2=" ">
   <subfield code="a">Rahimsyah,MB</subfield>
  </datafield>
  <datafield tag="260" ind1=" " ind2=" ">
   <subfield code="a">Surabaya :</subfield>
   <subfield code="b">Media Pustaka</subfield>
  </datafield>
  <datafield tag="300" ind1=" " ind2=" ">
   <subfield code="a">128 hlm. ;</subfield>
   <subfield code="c">23 cm.</subfield>
  </datafield>
  <datafield tag="084" ind1=" " ind2=" ">
   <subfield code="a">615.8 RAH a</subfield>
  </datafield>
  <datafield tag="082" ind1=" " ind2=" ">
   <subfield code="a">615.8 RAH a</subfield>
  </datafield>
  <datafield tag="650" ind1=" " ind2="4">
   <subfield code="a">Inspirasi</subfield>
  </datafield>
 </record>
</collection>
